| 000 | 00361 a2200109 4500 | ||
|---|---|---|---|
| 001 | ART_12125 | ||
| 005 | 20260410161903.0 | ||
| 008 | 260409a | ||
| 245 | 1 | 0 | _aOn univariate time series methods and simultaneous equation econometric models |
| 100 | 1 | _aPalm, Franz | |
| 773 | 0 |
_tJournal of econometrics _g- Vol. 5, NÂș 3 (may. 1977) _wREV11720 |
|
| 999 |
_c26109 _d26109 |
||